Caribbean cultural identy: the case of Jamaica
में बचाया:
| मुख्य लेखक: | |
|---|---|
| स्वरूप: | पुस्तक |
| भाषा: | अंग्रेज़ी |
| प्रकाशित: |
Los Angeles
Inter-American Foundation
1979
|
| श्रृंखला: | Latin American Studies, 47
|
| विषय: | |
| टैग: |
टैग जोड़ें
कोई टैग नहीं, इस रिकॉर्ड को टैग करने वाले पहले व्यक्ति बनें!
|
MARC
| LEADER | 00000nam a2200000 a 4500 | ||
|---|---|---|---|
| 001 | UCZ6351 | ||
| 003 | CL-VaPUC | ||
| 008 | 951211e19790000US |||||||||||||||||eng|d | ||
| 082 | 0 | 4 | |a 306 |b NET |2 21 |
| 100 | 0 | |a Nettleford, Rex |e author |9 350603 | |
| 245 | 1 | 0 | |a Caribbean cultural identy: the case of Jamaica |
| 300 | |a 238 p | ||
| 942 | |c BK | ||
| 945 | |d 19951211 00:00:00 |a rleighto | ||
| 260 | |a Los Angeles |b Inter-American Foundation |c 1979 | ||
| 650 | 0 | |a Cultura |9 269059 | |
| 650 | 0 | |a Identidad nacional |9 319130 | |
| 650 | 7 | |a INDENTIDAD CULTURAL |2 CL-VaPUC |9 350604 | |
| 651 | 7 | |a JAMAICA |2 CL-VaPUC |9 350605 | |
| 583 | |a last modification |c 19951211 00:00:00 |k Rodrigo Vera | ||
| 490 | 0 | |a Latin American Studies, 47 | |
| 999 | |c 242559 |d 242557 | ||
| 952 | |0 0 |1 0 |4 0 |6 306_000000000000000_NET_1979 |7 0 |8 A |9 255598 |a BIBEDU |b BIBEDU |d 2019-11-19 |i 3159639 |o 306 NET 1979 |p 3159639 |r 2019-11-19 |w 2019-11-19 |y BK |k LIT | ||